Biblioteca

Reformed voices on the ecumenical movement, its future and configuration (Registro nro. 60986)

Detalles MARC
000 -LÍDER
Campo fijo de descripción fija 01458aab a2200289 i 4500
001 - NÚMERO DE CONTROL
Campo de control 768714001
003 - IDENTIFICADOR DEL NÚMERO DE CONTROL
Campo de control CO-MdFUSB
005 - FECHA Y HORA DE LA ULTIMA TRANSACCIÓN
control field 20240717083736.0
008 - ELEMENTOS DE LONGITUD FIJA -- INFORMACIÓN GENERAL
Campo fijo de descripción fija -- Información general 240716t2005 sz ||||| |||| 00| 0 eng d
040 ## - FUENTE DE CATALOGACIÓN
Idioma de catalogación spa
Agencia que realiza la transcripción CO-MdFUSB
041 ## - CÓDIGO DE IDIOMA
Código de idioma para texto/pista de sonido o título separado eng
100 ## - ASIENTO PRINCIPAL--NOMBRE PERSONAL
Nombre personal Abraham, K. C.,
Término relacionador autor
245 ## - TÍTULO
Título Reformed voices on the ecumenical movement, its future and configuration
Mención de responsabilidad / K. C. Abraham [...y otros autores]
520 ## - NOTA DE RESUMEN, ETC.
Nota de sumario, etc. En preparación para la consulta de 2004 sobre el ecumenismo en el siglo XXI, se pidió a personas con un compromiso diverso y de larga data con el movimiento ecuménico que ofrecieran sus propios puntos de vista sobre los desafíos que enfrenta hoy. Cinco de esas voces se reproducen aquí. Son de mujeres y hombres, de África, Asia, América del Norte y el Caribe. Todos pertenecen a iglesias (Unidas, Discípulos de Cristo, Reformadas, Presbiterianas) de la familia Reformada.
546 ## - NOTA DE IDIOMA
Nota de idioma Texto en inglés.
630 #0 - PUNTO DE ACCESO ADICIONAL DE MATERIA - TÍTULO UNIFORME
Título uniforme Ecumenismo e humanismo,
650 #0 - ASIENTO SECUNDARIO DE MATERIA - TERMINO TEMÁTICO
Término temático o nombre geográfico como elemento de entrada Reforma de la iglesia
9 (RLIN) 958
650 #7 - ASIENTO SECUNDARIO DE MATERIA - TERMINO TEMÁTICO
Término temático o nombre geográfico como elemento de entrada Teología dogmática
9 (RLIN) 6937
650 #7 - ASIENTO SECUNDARIO DE MATERIA - TERMINO TEMÁTICO
Término temático o nombre geográfico como elemento de entrada Iglesia
9 (RLIN) 655
700 ## - ENTR. SECUNDARIA - Nombre Personal (R)
Nombre de persona Mudime Akale, Catherine,
Término indicativo de función autor
700 ## - ENTR. SECUNDARIA - Nombre Personal (R)
Nombre de persona Santana, Eunice,
Término indicativo de función autor
700 ## - ENTR. SECUNDARIA - Nombre Personal (R)
Nombre de persona Thomas, John H.,
Término indicativo de función autor
700 ## - ENTR. SECUNDARIA - Nombre Personal (R)
Nombre de persona Van Houten, Richard Lee,
Fechas 1946-
773 0# - ASIENTO DE ITEM FUENTE
Título Reformed World
Biblionumber 49396
Itemnumber 59506
Parte(s) relacionada(s) / Volumen., número. (mes año), páginas Volumen 55, (número 2, 2005) páginas: 154 - 170
Enumeración y primera página página: 154
942 ## - TIPO DE MATERIAL (KOHA)
Tipo de Item KOHA Artículos de Revista
945 ## - INFORMACIÓN LOCAL DEL REGISTRO
Catalogador Catherine Arias Álvarez - Practicante SENA

No hay ítems disponibles.

Biblioteca FUSBC | Teléfono: (57+4) 349 88 10 Ext. 141| WhatsApp (+57) 3005338115 
E-mail: biblioteca@unisbc.edu.co | Calle 76 87-14 Robledo Palenque, Medellín, Colombia

Con tecnología Koha